| 000 | 01782nam a22003017a 4500 | ||
|---|---|---|---|
| 005 | 20240305165638.0 | ||
| 007 | cr|||| |||| | ||
| 008 | 220817s2021 br |||||s|||| 00||0 por d | ||
| 020 | _a978658935147-4 | ||
| 035 | _a36836 | ||
| 040 | _avLex | ||
| 090 |
_c13714 _d13714 |
||
| 100 | 1 | _ade Moraes Mello, Cleyson | |
| 245 | 1 | 2 |
_aOs direitos da personalidade à luz dos novos paradigmas jurídico-metodológicos _h[Recurso electrónico] / _cCleyson de Moraes Mello, Nuno Manuel Morgadinho dos Santos Coelho, Layni Batista Longo, Gabriela de Carvalho A. Lopes _nVolume 2 |
| 256 | _aServicio en línea | ||
| 260 |
_aRio de Janeiro: _bEditora Processo, _c2021 |
||
| 300 | _a1 recurso electrónico | ||
| 500 | _aEsta obra é fruto dos trabalhos desenvolvidos pelos discentes, na disciplina de direitos da personalidade, ministrada pelo Professor Doutor Cleyson de Moraes Mello, no CURSO DE PÓS-GRADUAÇÃO LATO SENSU ESPECIALIZAÇÃO EM DIREITO CIVIL: NOVOS PARADIGMAS HERMENÊUTICOS NAS RELAÇÕES PRIVADAS, DA FACULDADE DE DIREITO DE RIBEIRÃO PRETO DA UNIVERSIDADE DE SÃO PAULO, coordenado pelos professores, Nuno Manuel Morgadinho Coelho dos Santos e Iara Pereira Ribeiro. | ||
| 506 | 1 |
_aDisponible solo en los productos indicados _dvLex Global _dvLex Global (Academic Edition, excluding Law Schools) _dvLex Global (U.S. Academic Edition, Law Schools) _dvLex Global (U.S. Academic Edition, excluding Law Schools) _dvLex Global (Academic Edition, Law Schools) |
|
| 650 | 0 | 4 |
_aDerecho Civil _zBrasil |
| 650 | 0 | 4 |
_aPersona _zBrasil |
| 700 | 1 | _aMorgadinho dos Santos Coelho, Nuno Manuel | |
| 700 | 1 | _aBatista Longo, Layni | |
| 700 | 1 | _ade Carvalho A. Lopes, Gabriela | |
| 740 | 0 | _avLex Libros (Servicio en línea) | |
| 856 | 4 | 0 | _uAcceso restringido |
| 942 | _cRAA | ||
| 999 |
_c171950 _d171950 |
||